| 000 | 00555nam a22001577a 4500 | ||
|---|---|---|---|
| 999 |
_c60489 _d60489 |
||
| 005 | 20230807102924.0 | ||
| 008 | 230804s1959 gw ||||| |||| 00| 0 ger d | ||
| 041 | _ager | ||
| 080 | _a902/904 D-64 | ||
| 100 |
_aDittrich, K. _919613 |
||
| 245 |
_aAntike Münzen aus Olbia und Pantikapäum / _cHrbas, Milos; Marco J. Dittrich, K.(Karel) (Text). |
||
| 264 | _c1959. | ||
| 300 |
_a173p. _b28 cm. |
||
| 653 | _aუძველესი მონეტები ოლბიიდან და პანტიკაპეუმიდან | ||
| 942 |
_2udc _cBK |
||